[Event "Maria Teresa Mora Memorial IM3"]
[Site "Havana"]
[Date "2010.03.07"]
[Round "3"]
[White "Roca Rojas, Ana Flavia"]
[Black "Alarcon Vazquez, Lietis"]
[Result "0-1"]
[WhiteElo "1983"]
[BlackElo "1935"]
[PlyCount "74"]
[EventDate "2010.03.05"]
[EventType "tourn"]
[EventRounds "11"]
[EventCountry "CUB"]
[SourceTitle "EXT 2019"]
[Source "ChessBase"]
[SourceDate "2018.10.10"]
[SourceVersion "1"]
[SourceVersionDate "2018.10.10"]
[SourceQuality "1"]

1. e4 c5 2. Nf3 d6 3. d3 Nf6 4. Be2 Nc6 5. c3 e6 6. 0-0 Be7 7. Nbd2 0-0 8. Re1 Qc7 9. Bf1 e5 10. Nc4 Rd8 11. Qc2 Bg4 12. Be2 h6 13. Ne3 Be6 14. c4 Nd4 15. Qd1 a6 16. Nxd4 cxd4 17. Nc2 Rac8 18. Bd2 d5 19. exd5 Bxd5 20. Nb4 Be6 21. a3 e4 22. Rc1 Bd6 23. h3 Qd7 24. dxe4 Nxe4 25. Bf1 Nxd2 26. Qxd2 Be7 27. Nd3 Bf6 28. b4 Qc7 29. c5 Bf5 30. Rcd1 a5 31. Qb2 axb4 32. axb4 Re8 33. Ra1 Qd7 34. Qa3 Be4 35. Qb3 Qf5 36. Red1 Bh4 37. Qb2 Rc6 0-1